[Event "GER-ch U18 Girls"]
[Site "Willingen"]
[Date "2023.05.31"]
[Round "5"]
[White "Evering, Enna"]
[Black "Gossing, Marie Sophie"]
[Result "1/2-1/2"]
[WhiteElo "1548"]
[BlackElo "1395"]
[PlyCount "91"]
[EventDate "2023.05.27"]
[EventType "swiss"]
[EventRounds "9"]
[EventCountry "GER"]
[SourceTitle "CBM 214 Extra"]
[Source "ChessBase"]
[SourceDate "2023.07.31"]
[SourceVersion "1"]
[SourceVersionDate "2023.07.31"]
[SourceQuality "1"]

1. e4 e5 2. Nc3 Nf6 3. f4 d5 4. fxe5 Nxe4 5. Qf3 Nxc3 6. bxc3 Be6 7. d4 Be7 8. Bd3 c5 9. Ne2 Qd7 10. 0-0 Nc6 11. Be3 0-0-0 12. Bb5 c4 13. Nf4 Bg4 14. Bxc6 bxc6 15. Qg3 Rhg8 16. Rab1 Bf5 17. Nh5 Be6 18. Bg5 Rdf8 19. Bxe7 Qxe7 20. Rb4 Qc7 21. Rfb1 Bf5 22. R4b2 a5 23. Qg5 Be6 24. Qe7 Re8 25. Qxc7+ Kxc7 26. Rb7+ Kd8 27. Rb8+ Ke7 28. R1b7+ Bd7 29. Rxe8+ Rxe8 30. Ra7 Rb8 31. Nxg7 Kf8 32. Nh5 Bg4 33. Nf6 Rb1+ 34. Kf2 Be6 35. Nxh7+ Kg7 36. Ng5 Kg6 37. Nxe6 fxe6 38. Rxa5 Rb2 39. Kf3 Rxc2 40. Ra3 Kg5 41. Kg3 Rd2 42. h4+ Kh5 43. Kh3 Rd3+ 44. g3 Re3 45. Kg2 Kg4 46. Kf2 1/2-1/2

[Event "GER-chT School WK 4"]
[Site "Playchess.com INT"]
[Date "2020.06.16"]
[Round "2.2"]
[White "Di Renzo, John Bruno"]
[Black "Gossing, Marie Sophie"]
[Result "1/2-1/2"]
[WhiteElo "1620"]
[BlackElo "1631"]
[PlyCount "153"]
[EventDate "2020.06.16"]
[EventType "team-swiss (blitz)"]
[EventRounds "5"]
[EventCountry "GER"]
[SourceTitle "EXT 2021"]
[Source "ChessBase"]
[SourceDate "2020.10.23"]
[SourceVersion "1"]
[SourceVersionDate "2020.10.23"]
[SourceQuality "1"]
[WhiteTeam "Dorfen Gymn"]
[BlackTeam "Luebeck Katharineum"]
[WhiteTeamCountry "GER"]
[BlackTeamCountry "GER"]

1. e4 e5 2. Nf3 Nc6 3. Bc4 Bc5 4. Nc3 Nf6 5. 0-0 d6 6. d3 Bg4 7. Be3 Nd4 8. Bxd4 Bxd4 9. Rb1 0-0 10. Nb5 c5 11. c3 a6 12. Na3 b5 13. Bd5 Nxd5 14. exd5 b4 15. cxd4 bxa3 16. bxa3 cxd4 17. h3 Bf5 18. Rb3 Rb8 19. Re1 Qf6 20. Qc2 Rfc8 21. Qe2 Rxb3 22. axb3 Qg6 23. Nxd4 Bxh3 24. Qf3 exd4 25. Qxh3 Rb8 26. Qd7 h6 27. Re8+ Rxe8 28. Qxe8+ Kh7 29. Qe4 Qxe4 30. dxe4 Kg6 31. Kf1 Kg5 32. Ke2 Kf4 33. Kd3 g5 34. Kxd4 h5 35. b4 g4 36. a4 h4 37. b5 h3 38. g3+ Kf3 39. bxa6 h2 40. a7 h1Q 41. a8Q Qd1+ 42. Kc4 Qc2+ 43. Kb5 Qb3+ 44. Ka5 Qc3+ 45. Kb6 Kxf2 46. Qc6 Qb4+ 47. Kc7 Kxg3 48. Qxd6+ Qxd6+ 49. Kxd6 Kf4 50. Ke7 g3 51. d6 g2 52. d7 g1Q 53. d8Q Qg5+ 54. Kd7 Qc5 55. Qf6+ Kxe4 56. Qh4+ Ke5 57. Qg5+ Kd4 58. Qg1+ Kd5 59. Qd1+ Kc4 60. Qg4+ Kd5 61. Qf5+ Kd4 62. Qf6+ Ke4 63. Qh4+ Ke5 64. Qh5+ Kd4 65. Qh8+ Kc4 66. Qh4+ Kb3 67. Ke8 Qe5+ 68. Kxf7 Qf5+ 69. Kg8 Qg6+ 70. Kf8 Qd6+ 71. Kf7 Qd7+ 72. Kg6 Qxa4 73. Qh3+ Kb4 74. Qg4+ Kb3 75. Qf3+ Kb4 76. Qe4+ Kb3 77. Qe6+ 1/2-1/2

[Event "GER-chT U10"]
[Site "Magdeburg"]
[Date "2016.12.28"]
[Round "4.1"]
[White "Gossing, Marie Sophie"]
[Black "Gauer, Liam"]
[Result "0-1"]
[WhiteElo "985"]
[BlackElo "785"]
[PlyCount "50"]
[EventDate "2016.12.27"]
[EventType "team-swiss"]
[EventRounds "7"]
[EventCountry "GER"]
[SourceTitle "EXT 2018"]
[Source "ChessBase"]
[SourceDate "2017.10.13"]
[SourceVersion "1"]
[SourceVersionDate "2017.10.13"]
[SourceQuality "1"]
[WhiteTeam "Luebeck"]
[BlackTeam "Hagen II"]
[WhiteTeamCountry "GER"]
[BlackTeamCountry "GER"]

1. e4 e5 2. Nf3 Nc6 3. Bc4 Bc5 4. c3 d6 5. d4 f6 6. dxc5 dxc5 7. Qxd8+ Nxd8 8. 0-0 c6 9. Be3 b5 10. Be2 c4 11. Bc5 Ne6 12. Bb4 c5 13. Ba5 Ne7 14. Na3 a6 15. b3 Rb8 16. bxc4 bxc4 17. Bxc4 Nc6 18. Bxe6 Bxe6 19. Rab1 Rxb1 20. Rxb1 Kf7 21. Bc7 Rc8 22. Bd6 Rd8 23. Bxc5 Rd7 24. Bb4 Nxb4 25. Rxb4 Rd1+ 0-1

[Event "GER-ch U10 Girls"]
[Site "Willingen"]
[Date "2016.05.21"]
[Round "11"]
[White "Gossing, Marie Sophie"]
[Black "Wilmink, Anna"]
[Result "0-1"]
[WhiteElo "808"]
[BlackElo "833"]
[PlyCount "56"]
[EventDate "2016.05.15"]
[EventType "swiss"]
[EventRounds "11"]
[EventCountry "GER"]
[SourceTitle "CBM 172 Extra"]
[Source "ChessBase"]
[SourceDate "2016.06.21"]
[SourceVersion "1"]
[SourceVersionDate "2016.06.21"]
[SourceQuality "1"]

1. e4 e6 2. d4 d5 3. exd5 exd5 4. Bd3 Bd6 5. Ne2 Nf6 6. 0-0 0-0 7. Bf4 Nc6 8. c3 Bxf4 9. Nxf4 Qd6 10. Nh5 Ng4 11. Ng3 f5 12. h3 Nh6 13. Nd2 Bd7 14. Nf3 Rae8 15. Nh4 Ne7 16. Qf3 f4 17. Nh5 Ng6 18. Bxg6 hxg6 19. Rfe1 gxh5 20. Rxe8 Bxe8 21. Re1 g5 22. Kh1 gxh4 23. Re5 Nf5 24. Qxf4 Ng3+ 25. fxg3 Rxf4 26. gxf4 Kf7 27. Rf5+ Ke7 28. Re5+ Kd7 0-1

[Event "GER-ch U10 Girls"]
[Site "Willingen"]
[Date "2016.05.16"]
[Round "4"]
[White "Tolpa, Amelie"]
[Black "Gossing, Marie Sophie"]
[Result "0-1"]
[WhiteElo "808"]
[BlackElo "808"]
[PlyCount "48"]
[EventDate "2016.05.15"]
[EventType "swiss"]
[EventRounds "11"]
[EventCountry "GER"]
[SourceTitle "CBM 172 Extra"]
[Source "ChessBase"]
[SourceDate "2016.06.21"]
[SourceVersion "1"]
[SourceVersionDate "2016.06.21"]
[SourceQuality "1"]

1. e4 e5 2. Nf3 Nc6 3. Bc4 Bc5 4. d3 d6 5. Be3 Bb6 6. 0-0 Bg4 7. Nc3 Nf6 8. Nd5 Nxd5 9. Bxd5 0-0 10. h3 Bh5 11. Bg5 Qd7 12. c4 Nd4 13. Be3 Nxf3+ 14. Kh1 c6 15. Bxb6 axb6 16. gxf3 Qxh3+ 17. Kg1 Bxf3 18. Qxf3 Qxf3 19. Bxf7+ Rxf7 20. Rae1 Rxa2 21. Re3 Qg4+ 22. Kh1 Rxb2 23. Rg1 Qh4+ 24. Kg2 Rbxf2# 0-1

[Event "GER-ch U10 Girls"]
[Site "Willingen"]
[Date "2016.05.15"]
[Round "1"]
[White "Gossing, Marie Sophie"]
[Black "Peglau, Charis"]
[Result "0-1"]
[WhiteElo "808"]
[BlackElo "1097"]
[PlyCount "120"]
[EventDate "2016.05.15"]
[EventType "swiss"]
[EventRounds "11"]
[EventCountry "GER"]
[SourceTitle "CBM 172 Extra"]
[Source "ChessBase"]
[SourceDate "2016.06.21"]
[SourceVersion "1"]
[SourceVersionDate "2016.06.21"]
[SourceQuality "1"]

1. e4 e5 2. Nf3 Nc6 3. Bc4 Be7 4. Nc3 Nf6 5. d3 d6 6. Bg5 Bg4 7. Nd5 Nd4 8. c3 Nxf3+ 9. gxf3 Be6 10. Qc2 Bxd5 11. Bxd5 Nxd5 12. Bxe7 Nxe7 13. 0-0-0 Qd7 14. d4 Nc6 15. dxe5 Nxe5 16. f4 Nc6 17. e5 d5 18. c4 Ne7 19. Rd2 c6 20. Rg1 g6 21. Rgd1 Qe6 22. Rd3 0-0-0 23. Qa4 a6 24. b4 dxc4 25. Rxd8+ Rxd8 26. Rxd8+ Kxd8 27. Qd1+ Qd5 28. Qxd5+ Nxd5 29. Kc2 Nxf4 30. Kc3 b5 31. Kd4 Nd5 32. a3 Ke7 33. Kc5 Kd7 34. f4 Kc7 35. Kd4 Nxf4 36. Ke4 Nd5 37. h4 h5 38. Kf3 Kd7 39. Ke4 Ke6 40. Kd4 Kd7 41. Ke4 Nc3+ 42. Kd4 Nb1 43. Ke4 Nxa3 44. Kf4 Nc2 45. Kg5 Ke6 46. Kf4 Nxb4 47. Ke3 c3 48. Ke2 Kxe5 49. Kd1 f5 50. Kc1 f4 51. Kd1 f3 52. Ke1 c2 53. Kd2 f2 54. Ke2 c1Q 55. Kxf2 Qc3 56. Ke2 Ke4 57. Kf2 Qf3+ 58. Kg1 Qe2 59. Kh1 Kf3 60. Kg1 Qg2# 0-1

[Event "GER-chT U14 Girls"]
[Site "Magdeburg"]
[Date "2015.12.30"]
[Round "7.3"]
[White "Kessen, Fanny"]
[Black "Gossing, Marie Sophie"]
[Result "1-0"]
[WhiteElo "860"]
[BlackElo "719"]
[PlyCount "75"]
[EventDate "2015.12.27"]
[EventType "team-swiss"]
[EventRounds "7"]
[EventCountry "GER"]
[SourceTitle "EXT 2017"]
[Source "ChessBase"]
[SourceDate "2016.10.25"]
[SourceVersion "1"]
[SourceVersionDate "2016.10.25"]
[SourceQuality "1"]
[WhiteTeam "Berlin Schachunion"]
[BlackTeam "Luebeck"]
[WhiteTeamCountry "GER"]
[BlackTeamCountry "GER"]

1. e4 e5 2. Nf3 Nc6 3. Bc4 Bc5 4. d3 h6 5. c3 Na5 6. Bb5 Nc6 7. 0-0 Nf6 8. Ba4 Na5 9. b4 Bb6 10. bxa5 Bxa5 11. h3 0-0 12. Bb3 d6 13. Re1 Bd7 14. Bb2 Bb5 15. Na3 Ba6 16. Nc2 Qd7 17. Ne3 Rae8 18. Nh4 Bb6 19. Nef5 g5 20. Nxh6+ Kh7 21. N4f5 Rh8 22. Nxf7 Rhf8 23. Nxg5+ Kg6 24. Bc1 Rh8 25. Qf3 Ba5 26. Rb1 Bxc3 27. Rd1 Rh5 28. Qg3 Rf8 29. Ne6+ Kf7 30. Nc5+ Ke8 31. Nxd7 Kxd7 32. Qg7+ Kd8 33. Qxf8+ Ne8 34. Ng7 Bb5 35. Nxh5 Kd7 36. Be6+ Kc6 37. Qxe8+ Kb6 38. Qxb5# 1-0